000 00301nam a2200133Ia 4500
008 191201s2013 xx 000 0 und d
100 _aKRISHNARAJU, N
245 0 _aPrestressed Concrete
250 _aRep
260 _aN. Delhi
_bTMH
_c2013
300 _a812
650 _aB.Tech(CE)
942 _2ddc
_cBK
999 _c5600
_d5600